Regions of Aruba With a Map - Statistics

General Stats
  • This quiz has been taken 144 times
  • The average score is 5 of 8
Answers on the Map
Answers color-coded by a green-red scale on the quiz's map according to % correct below.
 
Answer Stats
Region % Correct
Noord/Tanki Leendert
89%
Santa Cruz
70%
Oranjestad Oost
66%
Oranjestad West
66%
Paradera
66%
Savaneta
60%
San Nicolas Noord
53%
San Nicolas Zuid
53%
No matching quizzes found
Score Distribution
Percent of People with Each Score
Percentile by Number Answered
Your Score History
You have not taken this quiz